| 000 | 00442nam a2200157 a 4500 | ||
|---|---|---|---|
| 005 | 20140310183203.0 | ||
| 008 | 090525s19uu xx 00 eng d | ||
| 050 |
_aHV 6248 _b.St844 1983 |
||
| 100 | _aStevens, William Randolph | ||
| 245 |
_aDeadly intentions / _cWilliam Randolph Stevens. |
||
| 260 |
_aNew Jersey : _bNew American Library, _c1983. |
||
| 300 |
_a303 p. : _c18 cm. |
||
| 650 | _aFiction. | ||
| 942 |
_cBK _2lcc |
||
| 999 |
_c19903 _d19903 |
||